Transformation in european environmental governance

Salvato in:
Dettagli Bibliografici
Autore principale: Lenschow, Andrea
Natura: Libro
Lingua:inglese
Pubblicazione: San Domenico (FI) European University Institute/Robert Schuman Centre 1997
Serie:EUI Working paper RSC No. 97/61
Soggetti:
Tags: Aggiungi Tag
Nessun Tag, puoi essere il primo ad aggiungerne!!

MARC

LEADER 00000nam a2200000 4500
001 c134617
005 20221124074044.5
041 0 |a eng 
044 |a IT 
245 1 0 |a Transformation in european environmental governance  |c Andrea Lenschow 
264 1 |a San Domenico (FI)  |b European University Institute/Robert Schuman Centre  |c 1997 
300 |a 31 s. 
490 1 |a EUI Working paper RSC  |v No. 97/61 
830 0 |a EUI Working paper RSC  |v No. 97/61 
610 2 0 |a politika environmentálna 
610 2 0 |a prostredie životné 
610 2 0 |a transformácia 
610 2 0 |a porovnanie medzinárodné 
610 2 0 |a Európa 
610 2 0 |a Európska únia 
100 1 |a Lenschow, Andrea